000 00773nam a2200253Ia 4500
003 OSt
005 20220918201149.0
006 a|||||r|||| 00| 0
007 ta
008 220917b |||||||| |||| 00| 0 eng d
024 _a92,102
037 _cTextual
040 _aARTS
_cARTS
_beng
041 _2eng
_aeng
082 _aV1:19(zT)uN9, N7
100 _aWittner Lawrences S.
_997204
245 0 _aResisting the bomb
_b A history of the world nuclear disarmament movement
260 _aCalifornia
_bStanford University Press
_c1997
300 _axiv, 641p.
_ccm.
490 _aStruggle against the bomb; V 2
650 _aARMS CONTROL; WORLD HISTORY
942 _hV1:19(zT)uN9, N7
_cTEXL
_2CC
999 _c215756
_d215756